banner koha

Piperaceae em um fragmento de floresta atlântica da Serra da Mantiqueira, Minas Gerais, Brasil (Registro n. 329885)

MARC details
000 -LÍDER
fixed length control field 03311nab a2200241 i 4500
003 - CÓDIGO MARC DA AGÊNCIA CATALOGADORA
Campo de controle BR-BrBNA
005 - DATA E HORA DA ÚLTIMA ATUALIZAÇÃO
Campo de controle 20250210120832.0
008 - CAMPO DE TAMANHO FIXO
fixed length control field 250210b2013 bl.qr|pooa||| 00| 0 por |
040 ## - FONTE DA CATALOGAÇÃO
Agência catalogadora BR-BrBNA
Idioma da catalogação por
072 ## - CATEGORIA AGRIS
Código AGRIS F70
100 ## - ENTRADA PRINCIPAL - NOME PESSOAL
Nome pessoal Monteiro, Daniele
245 ## - TÍTULO PRINCIPAL
Título principal Piperaceae em um fragmento de floresta atlântica da Serra da Mantiqueira, Minas Gerais, Brasil
500 ## - NOTA GERAL
Nota geral Publicação on-line; 34 ref.; 3 illus.; Summaries (En, Pt)
942 ## - ADDED ENTRY ELEMENTS (KOHA)
Koha item type Analítica
520 ## - NOTA DE RESUMO
Nota de conteúdo <br/><br/>Resumo<br/><br/>A Serra Negra localiza-se em Minas Gerais (21°58’24”S e 43°53’15”W), entre as Serras do Ibitipoca e o Maciço<br/>do Itatiaia, abrangendo uma área da Serra da Mantiqueira considerada prioritária para a conservação e investigação<br/>científica. Com o objetivo de ampliar o conhecimento florístico da região, foi realizado o tratamento florístico das<br/>Piperaceae ocorrentes. Foram registradas 34 espécies da família, a grande maioria em formações florestais, incluindo<br/>cânions. Contribuíram para a identificação dos táxons o hábito, presença ou ausência de tricomas, filotaxia, forma,<br/>dimensão e padrão de nervação foliar, tipo de inflorescência, número de estames e carpelos, presença de estilete, além<br/>da forma da bractéola e fruto. Piper pauciramosum, endêmico de Minas Gerais e até o momento conhecido apenas<br/>pelo material tipo, foi encontrado na região e precisa ter o estado de conservação reavaliado, assim como outras 10<br/>espécies consideradas raras. A ocorrência desses táxons e de outros com distribuição restrita aumentam a importância<br/>de região e a necessidade de implantação de unidades de conservação.<br/><br/>Palavras-chave: Florística, Peperomia, Piper, Serra Negra, Taxonomia.<br/><br/><br/><br/><br/>Abstract<br/><br/>Located in Minas Gerais (21°58’24”S e 43°53’15”W), between Ibitipoca and Itatiaia ranges, Serra Negra covers an<br/>area considered priority for conservation and scientific research at Serra da Mantiqueira. Continuing the studies at the<br/>area aiming to increase floristic knowledge of the region, the taxonomic treatment of Piperaceae was held. Thirty four<br/>species of the family were recorded, most of them in forested formations, including canyons. The taxa are distinguished<br/>by habit, presence or absence of trichomes, phyllotaxis, leaf size, form and venation, type of inflorescence, number<br/>of stamens and carpels, presence of style, shape of bracteoles and fruits. Piper pauciramosum, endemic to Minas<br/>Gerais and only known from type material was collected and needs a re-evaluation of its conservation status, as well<br/>as 10 other species considered to be rare. The occurrence of these taxa and others species with restricted distribution<br/>highlights the importance of this region and points out the great need of new conservation units at the area.<br/><br/>Key words: Floristic, Peperomia, Piper, Serra Negra.
650 ## - ASSUNTO - THESAGRO
Cabeçalho tópico ou nome geográfico COMPOSIÇÃO BOTÂNICA
650 ## - ASSUNTO - THESAGRO
Cabeçalho tópico ou nome geográfico TAXONOMIA
650 ## - ASSUNTO - THESAGRO
Cabeçalho tópico ou nome geográfico SERRA NEGRA
650 ## - ASSUNTO - THESAGRO
Cabeçalho tópico ou nome geográfico PIPERACEAE
773 0# - ENTRADA ANALÍTICA
Host Biblionumber 709
Registro do item 348215
Imprenta Rio de Janeiro-RJ Jardim Botanico do Rio de Janeiro 1935
Outro identificador 2025-0704
Título Rodriguésia (Brazil)
ISSN 0370-6583; 2175-7860 on-line
Colação v. 64(2) p. 379-398; (2013)
Número de controle de registro BR2024004098
856 ## - ACESSO E ENDEREÇO ELETRÔNICO
Identificador uniforme de recurso - URI https://www.scielo.br/j/rod/a/psM63bXrvvJGhckvjKJYBYd/?format=pdf&lang=pt

Nenhum exemplar disponível.

BINAGRI

Telefone: (61)3218-2567/2388/3357/2097 - binagri@agro.gov.br

Ministério da Agricultura e Pecuária , Esplanada dos Ministérios, Bloco D, Anexo B, Brasília/DF, CEP: 70.043-900